00547cam a22001813a 450000100060000000300060000600500170001200800410002904000150007004200070008510000290009224500940012126000290021550600300024451600200027483000290029485600420032341330PGUSA20140828083930.0121109s2012||||xxu|||||s|||||000 | eng d aPGUSAbeng adc1 aChetwynd, Julie Bosville10aMrs. Dorriman, Volume 2 of 3 :bA Novelh[electronic resource] /cJulie Bosville Chetwynd bProject Gutenberg,c2012 aPublic domain in the USA. aElectronic text 0aProject Gutenbergv4133040uhttp://www.gutenberg.org/ebooks/41330